Mýtmi opradená Devín banka je pod novým vedením dva roky najrýchlejšie expandujúcou bankou na Slovensku

Znovuzrodenie živoriacej Devín banky, a.s. Bratislava po nástupe nového vedenia v r. 1997. Prudký nárast vkladov, zvýšenie celkových aktív, vysoké úroky. Pohľadávky a záväzky banky. Pohľadávky banky voči Ministerstvu financií SR. Deblokácie pohľadávok SR voči Rusku. Akcionári Devín banky. Banka ako...

Full description

Saved in:
Bibliographic Details
Main Author: Kovalčík, Ján
Format: Book Chapter
Language:Slovak
Subjects:
Tags: Add Tag
No Tags, Be the first to tag this record!

MARC

LEADER 00000naa a2200000 4500
001 r036402
005 20230921104248.9
041 0 |a slo 
044 |a SK 
245 1 0 |a Mýtmi opradená Devín banka je pod novým vedením dva roky najrýchlejšie expandujúcou bankou na Slovensku  |c Ján Kovalčík 
520 |a Znovuzrodenie živoriacej Devín banky, a.s. Bratislava po nástupe nového vedenia v r. 1997. Prudký nárast vkladov, zvýšenie celkových aktív, vysoké úroky. Pohľadávky a záväzky banky. Pohľadávky banky voči Ministerstvu financií SR. Deblokácie pohľadávok SR voči Rusku. Akcionári Devín banky. Banka ako jedna z mála slovenských bánk poskytuje nové úvery. 
610 2 0 |a banky 
610 2 0 |a vklady 
610 2 0 |a úrok 
610 2 0 |a úver 
610 2 0 |a aktíva 
610 2 0 |a pohľadávky 
610 2 0 |a záväzky 
610 2 0 |a deblokácia 
610 2 0 |a akcionári 
610 2 0 |a Rusko 
610 2 0 |a Devín banka, a.s. Bratislava 
100 1 |a Kovalčík, Ján